Key concepts in media and communications / (Record no. 145498)

MARC details
000 -LEADER
fixed length control field 01023nam a2200301 a 4500
001 - CONTROL NUMBER
control field vtls003232426
003 - CONTROL NUMBER IDENTIFIER
control field MY-SjTCS
005 - DATE AND TIME OF LATEST TRANSACTION
control field 20200226115238.0
008 - FIXED-LENGTH DATA ELEMENTS--GENERAL INFORMATION
fixed length control field 120508s2011 caua b 001 0 eng d
020 ## - INTERNATIONAL STANDARD BOOK NUMBER
International Standard Book Number 9781412928229 (pbk.)
020 ## - INTERNATIONAL STANDARD BOOK NUMBER
International Standard Book Number 1412928222 (pbk.)
020 ## - INTERNATIONAL STANDARD BOOK NUMBER
International Standard Book Number 9781412928212 (hbk.)
039 #9 - LEVEL OF BIBLIOGRAPHIC CONTROL AND CODING DETAIL [OBSOLETE]
Level of rules in bibliographic description 201302261059
Level of effort used to assign nonsubject heading access points VLOAD
Level of effort used to assign subject headings 201206131532
Level of effort used to assign classification pushpa
Level of effort used to assign subject headings 201206071707
Level of effort used to assign classification izani
-- 201205081153
-- stazrina
082 04 - DEWEY DECIMAL CLASSIFICATION NUMBER
Classification number 302.2
Item number JON 2011
100 1# - MAIN ENTRY--PERSONAL NAME
Personal name Jones, Paul,
Dates associated with a name 1954-
9 (RLIN) 61972
245 10 - TITLE STATEMENT
Title Key concepts in media and communications /
Statement of responsibility, etc. Paul Jones and David Holmes.
246 18 - VARYING FORM OF TITLE
Title proper/short title Media and communication
246 30 - VARYING FORM OF TITLE
Title proper/short title Media and communications
260 ## - PUBLICATION, DISTRIBUTION, ETC.
Place of publication, distribution, etc. Los Angeles :
Name of publisher, distributor, etc. SAGE,
Date of publication, distribution, etc. 2011
300 ## - PHYSICAL DESCRIPTION
Extent xiii, 256 p. :
Other physical details ill. ;
Dimensions 25 cm.
490 1# - SERIES STATEMENT
Series statement SAGE key concepts series
504 ## - BIBLIOGRAPHY, ETC. NOTE
Bibliography, etc. note Includes bibliographical references (p. 227-252) and index.
650 #0 - SUBJECT ADDED ENTRY--TOPICAL TERM
Topical term or geographic name entry element Communication.
650 #0 - SUBJECT ADDED ENTRY--TOPICAL TERM
Topical term or geographic name entry element Mass media
700 1# - ADDED ENTRY--PERSONAL NAME
Personal name Holmes, David,
Dates associated with a name 1962-
9 (RLIN) 23401
830 #0 - SERIES ADDED ENTRY--UNIFORM TITLE
Uniform title SAGE key concepts.
9 (RLIN) 27901
920 ## - Programme
Programme SOC : 183414
Holdings
Withdrawn status Lost status Source of classification or shelving scheme Damaged status Not for loan Home library Current library Date acquired Total Checkouts Barcode Date last seen Date last checked out Copy number Uniform Resource Identifier Koha item type Public note
    Dewey Decimal Classification     Taylor's Library-TU Taylor's Library-TU 28/05/2012 6 5000132873 05/12/2019 02/08/2018 1 Floor 3, Shelf 3 , Side 2, TierNo 3, BayNo 6 Main Collection SOMAC,37001,03,AD